000 00983nam a22002651u 4500
001 12303
003 HDC
007 cr bn ---
008 210209p2004 my eng
040 _aHDC
100 _aChe Rohani Awang,
_eauthor
_912838
245 0 _aDevelopment of tilapia frankfurters using response surface methodology /
_cby Che Rohani Awang, Zahrah Hj. Talib and Che Utama Che Musa
260 _aSerdang :
_bMalaysian Agricultural Research and Development Institute (MARDI),
_c2004
300 _a1 page
336 _atext
_2rdacontent
337 _acomputer
_2rdamedia
338 _aonline resource
_2rdacarrier
650 _aCentral composite design
_912841
650 _aFishery product
_912839
650 _aTilapia
_912840
856 _zRequest full-text at [email protected]
942 _2lcc
942 _cAR
942 _kJART 003082
999 _c9626
_d9626